000
00282nam a22001337a 4500
008
180924b xxu||||| |||| 00| 0 eng d
020
_a
9780803212336
041
_a
eng
080
_a
574
100
_a
9
101
_a
MJE
245
_a
Future Harvest
_c
Bender, J
942
_2
udc
_c
BK
999
_c
48374
_d
48374